Dr. S. R. Lasker Library Online Catalogue

Home      Library Home      Institutional Repository      E-Resources      MyAthens      EWU Home

Business World / (Record no. 7446)

MARC details
000 -LEADER
fixed length control field 00616nas a22002057a 4500
001 - CONTROL NUMBER
control field 7446
003 - CONTROL NUMBER IDENTIFIER
EWU MARC Code BD-DhEWU
008 - FIXED-LENGTH DATA ELEMENTS--GENERAL INFORMATION
fixed length control field 140526u ii |||p| |||| 00| 0 eng d
022 ## - INTERNATIONAL STANDARD SERIAL NUMBER
International Standard Serial Number 09708197
082 ## - DEWEY DECIMAL CLASSIFICATION NUMBER
Edition number 22
Classification number 650
Item number BUS
245 00 - TITLE STATEMENT
Title Business World /
260 ## - PUBLICATION, DISTRIBUTION, ETC. (IMPRINT)
Place of publication, distribution, etc New Delhi :
Name of publisher, distributor, etc GBN Media,
300 ## - PHYSICAL DESCRIPTION
Extent v. :
Other physical details ill. ;
Dimensions 31 cm.
500 ## - GENERAL NOTE
General note Published at irregular intervals.
651 #0 - SUBJECT ADDED ENTRY--GEOGRAPHIC NAME
Geographic name India
Form subdivision Periodicals
General subdivision Business
9 (RLIN) 9857
653 00 - INDEX TERM--UNCONTROLLED
Uncontrolled term Business
710 ## - ADDED ENTRY--CORPORATE NAME
Corporate name or jurisdiction name as entry element GBN Media
9 (RLIN) 9858
856 42 - ELECTRONIC LOCATION AND ACCESS
Uniform Resource Identifier <a href="https://www.worldcat.org/title/business-world/oclc/805071381?referer=di&ht=edition">https://www.worldcat.org/title/business-world/oclc/805071381?referer=di&ht=edition</a>
Link text Worldcat details
942 ## - ADDED ENTRY ELEMENTS (KOHA)
Source of classification or shelving scheme Dewey Decimal Classification
Item type Serials
Serial record 1
Holdings
Withdrawn status Lost status Source of classification or shelving scheme Damaged status Not for loan Collection code Home library Current library Shelving location Date acquired Source of acquisition Serial Enumeration / chronology Total Checkouts Full call number Date last seen Price effective from Koha item type Coded location qualifier
    Dewey Decimal Classification   Not For Loan Non-fiction Dr. S. R. Lasker Library, EWU Dr. S. R. Lasker Library, EWU Newspaper & Journal Section 30/01/2014 Hasan International Vol.-1, Issue-1 (27 January 2014)   650 BUS 2014 26/05/2014 26/05/2014 Serials  
    Dewey Decimal Classification   Not For Loan Non-fiction Dr. S. R. Lasker Library, EWU Dr. S. R. Lasker Library, EWU Newspaper & Journal Section 15/02/2014 Hasan International Vol.-1, Issue-2 (10 February 2014)   650 BUS 2014 26/05/2014 26/05/2014 Serials  
    Dewey Decimal Classification   Not For Loan Non-fiction Dr. S. R. Lasker Library, EWU Dr. S. R. Lasker Library, EWU Newspaper & Journal Section 26/05/2014 Hasan International Vol.-1, Issue-2 (24 February 2014)   650 BUS 2014 26/05/2014 26/02/2014 Serials  
    Dewey Decimal Classification   Not For Loan Non-fiction Dr. S. R. Lasker Library, EWU Dr. S. R. Lasker Library, EWU Newspaper & Journal Section 16/03/2014 Hasan International Vol.-1, Issue-4 (10 March 2014)   650 BUS 2014 26/05/2014 26/05/2014 Serials  
    Dewey Decimal Classification   Not For Loan Non-fiction Dr. S. R. Lasker Library, EWU Dr. S. R. Lasker Library, EWU Newspaper & Journal Section 24/01/2015 Hasan International Vol.-33, Issue-34 (15 December 2014)   650 BUS 2014 24/01/2015 24/01/2015 Serials  
    Dewey Decimal Classification   Not For Loan Non-fiction Dr. S. R. Lasker Library, EWU Dr. S. R. Lasker Library, EWU Newspaper & Journal Section 24/01/2015 Hasan International Vol.-33, Issue-35 (29 December 2014)   650 BUS 2014 24/01/2015 24/01/2015 Serials  
    Dewey Decimal Classification   Not For Loan Non-fiction Dr. S. R. Lasker Library, EWU Dr. S. R. Lasker Library, EWU Newspaper & Journal Section 04/02/2015 Hasan International Vol.-33, Issue-36 (30 December 2014-12 January 2015)   650 BUS 2014 26/02/2015 26/02/2015 Serials  
    Dewey Decimal Classification   Not For Loan Non-fiction Dr. S. R. Lasker Library, EWU Dr. S. R. Lasker Library, EWU Newspaper & Journal Section 04/02/2015 Hasan International Vol.-33, Issue-37 (13-26 January 2015)   650 BUS 2014 26/02/2015 26/02/2015 Serials  
    Dewey Decimal Classification   Not For Loan Non-fiction Dr. S. R. Lasker Library, EWU Dr. S. R. Lasker Library, EWU Newspaper & Journal Section 08/03/2015 Hasan International Vol.-33, Issue-38 (27January - 9 February 2015)   650 BUS 2014 08/03/2015 08/03/2015 Serials  
    Dewey Decimal Classification   Not For Loan Non-fiction Dr. S. R. Lasker Library, EWU Dr. S. R. Lasker Library, EWU Newspaper & Journal Section 31/03/2015 Hasan International Vol.-33, Issue-40 (09 March 2015)   650 BUS 2014 01/04/2015 01/04/2015 Serials  
    Dewey Decimal Classification   Not For Loan Non-fiction Dr. S. R. Lasker Library, EWU Dr. S. R. Lasker Library, EWU Newspaper & Journal Section 31/03/2015 Hasan International Vol.-33, Issue-39 (23 February 2015)   650 BUS 2014 01/04/2015 01/04/2015 Serials  
    Dewey Decimal Classification   Not For Loan Non-fiction Dr. S. R. Lasker Library, EWU Dr. S. R. Lasker Library, EWU Newspaper & Journal Section 27/04/2015 Hasan International Vol.-33, Issue-41 (23 March 2015)   650 BUS 2014 30/04/2015 30/04/2015 Serials  
    Dewey Decimal Classification   Not For Loan Non-fiction Dr. S. R. Lasker Library, EWU Dr. S. R. Lasker Library, EWU Newspaper & Journal Section 27/04/2015 Hasan International Vol.-33, Issue-42 (06 April 2015)   650 BUS 2014 30/04/2015 30/04/2015 Serials  
    Dewey Decimal Classification   Not For Loan Non-fiction Dr. S. R. Lasker Library, EWU Dr. S. R. Lasker Library, EWU Newspaper & Journal Section 07/06/2015 Hasan International Vol.-33, Issue-43 (20 April 2015)   650 BUS 2014 07/06/2015 07/06/2015 Serials  
    Dewey Decimal Classification   Not For Loan Non-fiction Dr. S. R. Lasker Library, EWU Dr. S. R. Lasker Library, EWU Newspaper & Journal Section 07/06/2015 Hasan International Vol.-33, Issue-44 (4 May 2015)   650 BUS 2014 07/06/2015 07/06/2015 Serials  
    Dewey Decimal Classification   Not For Loan Non-fiction Dr. S. R. Lasker Library, EWU Dr. S. R. Lasker Library, EWU Newspaper & Journal Section 07/07/2015 Hasan International Vol.-33, Issue-45 (18 May 2015)   650 BUS 2014 08/07/2015 08/07/2015 Serials  
    Dewey Decimal Classification   Not For Loan Non-fiction Dr. S. R. Lasker Library, EWU Dr. S. R. Lasker Library, EWU Newspaper & Journal Section 06/09/2015 Hasan International Vol.-33, Issue-47(15 June 2015)   650 BUS 2014 07/09/2015 07/09/2015 Serials  
    Dewey Decimal Classification   Not For Loan Non-fiction Dr. S. R. Lasker Library, EWU Dr. S. R. Lasker Library, EWU Newspaper & Journal Section 06/09/2015 Hasan International Vol.-33, Issue-48(29 June 2015)   650 BUS 2014 07/09/2015 07/09/2015 Serials  
    Dewey Decimal Classification   Not For Loan Non-fiction Dr. S. R. Lasker Library, EWU Dr. S. R. Lasker Library, EWU Newspaper & Journal Section 16/09/2015 Hasan International Vol.-33, Issue-49 (30 June-13 July 2015)   650 BUS 2014 17/09/2015 17/09/2015 Serials  
    Dewey Decimal Classification   Not For Loan Non-fiction Dr. S. R. Lasker Library, EWU Dr. S. R. Lasker Library, EWU Newspaper & Journal Section 16/09/2015 Hasan International Vol.-33, Issue-51 (28 July-10 August 2015)   650 BUS 2014 17/09/2015 17/09/2015 Serials  
    Dewey Decimal Classification   Not For Loan Non-fiction Dr. S. R. Lasker Library, EWU Dr. S. R. Lasker Library, EWU Newspaper & Journal Section 07/10/2015 Hasan International Vol.-35, Issue-1 (27 August-7 September 2015)   650 BUS 2014 08/10/2015 08/10/2015 Serials  
    Dewey Decimal Classification   Not For Loan Non-fiction Dr. S. R. Lasker Library, EWU Dr. S. R. Lasker Library, EWU Newspaper & Journal Section 22/11/2015 Hasan International Vol.-35, Issue-3 (22 September-5 October 2015)   650 BUS 2014 24/11/2015 24/11/2015 Serials  
    Dewey Decimal Classification   Not For Loan Non-fiction Dr. S. R. Lasker Library, EWU Dr. S. R. Lasker Library, EWU Newspaper & Journal Section 14/12/2015 Hasan International Vol.-35, Issue-4 (6-9 October 2015)   650 BUS 2014 14/12/2015 14/12/2015 Serials  
    Dewey Decimal Classification   Not For Loan Non-fiction Dr. S. R. Lasker Library, EWU Dr. S. R. Lasker Library, EWU Newspaper & Journal Section 24/12/2015 Hasan International Vol.-35, Issue-5 (20 October-2 November 2015)   650 BUS 2014 05/01/2016 05/01/2016 Serials  
    Dewey Decimal Classification   Not For Loan Non-fiction Dr. S. R. Lasker Library, EWU Dr. S. R. Lasker Library, EWU Newspaper & Journal Section 23/02/2016 Hasan International Vol.-35, Issue-9 (28 December 2015)   650 BUS 23/02/2016 23/02/2016 Serials  
    Dewey Decimal Classification   Not For Loan Non-fiction Dr. S. R. Lasker Library, EWU Dr. S. R. Lasker Library, EWU Newspaper & Journal Section 23/02/2016 Hasan International Vol.-35, Issue-10 (11 January 2016)   650 BUS 23/02/2016 23/02/2016 Serials  
    Dewey Decimal Classification   Not For Loan Non-fiction Dr. S. R. Lasker Library, EWU Dr. S. R. Lasker Library, EWU Newspaper & Journal Section 27/03/2016 Hasan International Vol.-35, Issue-12 (26 January-8 February 2016)   650 BUS 28/03/2016 28/03/2016 Serials  
    Dewey Decimal Classification   Not For Loan Non-fiction Dr. S. R. Lasker Library, EWU Dr. S. R. Lasker Library, EWU Newspaper & Journal Section 02/06/2016 Hasan International Vol.-35, Issue-16 (22 March- 4 April 2016)   650 BUS 02/06/2016 02/06/2016 Serials  
    Dewey Decimal Classification   Not For Loan Non-fiction Dr. S. R. Lasker Library, EWU Dr. S. R. Lasker Library, EWU Newspaper & Journal Section 26/06/2016 Hasan International Vol.-35, Issue-19 (3-16 May 2016)   650 BUS 27/06/2016 27/06/2016 Serials  
    Dewey Decimal Classification   Not For Loan Non-fiction Dr. S. R. Lasker Library, EWU Dr. S. R. Lasker Library, EWU Newspaper & Journal Section 07/11/2016 Hasan International Vol.-36, Issue-2 (6-19 September 2016)   650 BUS 07/11/2016 07/11/2016 Serials  
    Dewey Decimal Classification   Not For Loan Non-fiction Dr. S. R. Lasker Library, EWU Dr. S. R. Lasker Library, EWU Newspaper & Journal Section 24/11/2016 Hasan International Vol.-36, Issue-3 (20 September-03 October 2016)   650 BUS 28/11/2016 28/11/2016 Serials  
    Dewey Decimal Classification   Not For Loan Non-fiction Dr. S. R. Lasker Library, EWU Dr. S. R. Lasker Library, EWU Newspaper & Journal Section 12/03/2017 Hasan International Vol.-36, Issue-11 (23 January 2017)   650 BUS 12/03/2017 12/03/2017 Serials  
    Dewey Decimal Classification   Not For Loan Non-fiction Dr. S. R. Lasker Library, EWU Dr. S. R. Lasker Library, EWU Newspaper & Journal Section 12/03/2017 Hasan International Vol.-36, Issue-01 (01-14 November 2016)   650 BUS 12/03/2017 12/03/2017 Serials  
    Dewey Decimal Classification   Not For Loan Non-fiction Dr. S. R. Lasker Library, EWU Dr. S. R. Lasker Library, EWU Reference Section 26/04/2017 Hasan International Vol.-36, Issue-13 (8 March 2017)   650 BUS 02/05/2017 02/05/2017 Serials  
    Dewey Decimal Classification   Not For Loan Non-fiction Dr. S. R. Lasker Library, EWU Dr. S. R. Lasker Library, EWU Newspaper & Journal Section 16/07/2017 Hasan International Vol.-36, Issue-17 (01 May 2017)   650 BUS 19/07/2017 19/07/2017 Serials  
    Dewey Decimal Classification   Not For Loan Non-fiction Dr. S. R. Lasker Library, EWU Dr. S. R. Lasker Library, EWU Newspaper & Journal Section 16/07/2017 Hasan International Vol.-36, Issue-18 (13 May 2017)   650 BUS 19/07/2017 19/07/2017 Serials  
    Dewey Decimal Classification   Not For Loan Non-fiction Dr. S. R. Lasker Library, EWU Dr. S. R. Lasker Library, EWU Newspaper & Journal Section 16/07/2017 Hasan International Vol.-36, Issue-19 (27 May 2017)   650 BUS 19/07/2017 19/07/2017 Serials  
    Dewey Decimal Classification   Not For Loan Non-fiction Dr. S. R. Lasker Library, EWU Dr. S. R. Lasker Library, EWU Newspaper & Journal Section 24/08/2017 Hasan International Vol.-36, Issue-22 (08 July 2017)   650 BUS 29/08/2017 29/08/2017 Serials  
    Dewey Decimal Classification   Not For Loan Non-fiction Dr. S. R. Lasker Library, EWU Dr. S. R. Lasker Library, EWU Newspaper & Journal Section 24/08/2017 Hasan International Vol.-36, Issue-21 (24 June 2017)   650 BUS 29/08/2017 29/08/2017 Serials  
    Dewey Decimal Classification   Not For Loan Non-fiction Dr. S. R. Lasker Library, EWU Dr. S. R. Lasker Library, EWU Newspaper & Journal Section 11/09/2017 Hasan International Vol.-36, Issue-23 (22 July 2017)   650 BUS 11/09/2017 11/09/2017 Serials  
    Dewey Decimal Classification   Not For Loan Non-fiction Dr. S. R. Lasker Library, EWU Dr. S. R. Lasker Library, EWU Newspaper & Journal Section 03/10/2017 Hasan International Vol.-36, Issue-24 (05 August 2017)   650 BUS 04/10/2017 04/10/2017 Serials  
    Dewey Decimal Classification   Not For Loan Non-fiction Dr. S. R. Lasker Library, EWU Dr. S. R. Lasker Library, EWU Newspaper & Journal Section 03/10/2017 Hasan International Vol.-36, Issue-25 (19 August 2017)   650 BUS 04/10/2017 04/10/2017 Serials  
    Dewey Decimal Classification   Not For Loan Non-fiction Dr. S. R. Lasker Library, EWU Dr. S. R. Lasker Library, EWU Newspaper & Journal Section 18/10/2017 Hasan International Vol.-37, Issue-01 (16 September 2017)   650 BUS 22/10/2017 22/10/2017 Serials  
    Dewey Decimal Classification   Not For Loan Non-fiction Dr. S. R. Lasker Library, EWU Dr. S. R. Lasker Library, EWU Newspaper & Journal Section 18/10/2017 Hasan International Vol.-36, Issue-26 (02 September 2017)   650 BUS 22/10/2017 22/10/2017 Serials  
    Dewey Decimal Classification   Not For Loan Non-fiction Dr. S. R. Lasker Library, EWU Dr. S. R. Lasker Library, EWU Newspaper & Journal Section 21/11/2017 Hasan International Vol.-37, Issue-02 (01 October 2017)   650 BUS 22/11/2017 22/11/2017 Serials  
    Dewey Decimal Classification   Not For Loan Non-fiction Dr. S. R. Lasker Library, EWU Dr. S. R. Lasker Library, EWU Newspaper & Journal Section 21/11/2017 Hasan International Vol.-37, Issue-03 (03 October 2017)   650 BUS 22/11/2017 22/11/2017 Serials  
    Dewey Decimal Classification   Not For Loan Non-fiction Dr. S. R. Lasker Library, EWU Dr. S. R. Lasker Library, EWU Newspaper & Journal Section 04/12/2017 Hasan International Vol.-37, Issue-04 (28 October 2017)   650 BUS 04/12/2017 04/12/2017 Serials  
    Dewey Decimal Classification   Not For Loan Non-fiction Dr. S. R. Lasker Library, EWU Dr. S. R. Lasker Library, EWU Newspaper & Journal Section 12/12/2017   Vol.-37, Issue-05 (11 November 2017)   650 BUS 02/01/2018 02/01/2018 Serials  
    Dewey Decimal Classification   Not For Loan Non-fiction Dr. S. R. Lasker Library, EWU Dr. S. R. Lasker Library, EWU Newspaper & Journal Section 23/01/2018 Hasan International Vol.-37, Issue-06 (25 November 2017)   650 BUS 24/01/2018 24/01/2018 Serials  
    Dewey Decimal Classification   Not For Loan Non-fiction Dr. S. R. Lasker Library, EWU Dr. S. R. Lasker Library, EWU Newspaper & Journal Section 19/03/2018 Hasan International Vol.-37, Issue-09 (06 January 2018)   650 BUS 15/04/2018 15/04/2018 Serials  
    Dewey Decimal Classification   Not For Loan Non-fiction Dr. S. R. Lasker Library, EWU Dr. S. R. Lasker Library, EWU Newspaper & Journal Section 12/04/2018 Hasan International Vol. 37, Issue-12(17 February, 2018)   650 BUS 16/04/2018 16/04/2018 Serials  
    Dewey Decimal Classification   Not For Loan Non-fiction Dr. S. R. Lasker Library, EWU Dr. S. R. Lasker Library, EWU Newspaper & Journal Section 12/04/2018 Hasan International Vol. 37, Issue-11(03 February, 2018)   650 BUS 16/04/2018 16/04/2018 Serials  
    Dewey Decimal Classification   Not For Loan Non-fiction Dr. S. R. Lasker Library, EWU Dr. S. R. Lasker Library, EWU Newspaper & Journal Section 22/05/2018 Hasan International Vol.-37, Issue-13 (03 March, 2018)   650 BUS 22/05/2018 22/05/2018 Serials  
    Dewey Decimal Classification   Not For Loan Non-fiction Dr. S. R. Lasker Library, EWU Dr. S. R. Lasker Library, EWU Newspaper & Journal Section 22/05/2018 Hasan International Vol.-37, Issue-14 (17 March, 2018)   650 BUS 22/05/2018 22/05/2018 Serials  
    Dewey Decimal Classification   Not For Loan Non-fiction Dr. S. R. Lasker Library, EWU Dr. S. R. Lasker Library, EWU Newspaper & Journal Section 27/05/2018 Hasan International Vol.-37, Issue-15 (31 March, 2018)   650 BUS 27/05/2018 27/05/2018 Serials  
    Dewey Decimal Classification   Not For Loan Non-fiction Dr. S. R. Lasker Library, EWU Dr. S. R. Lasker Library, EWU Newspaper & Journal Section 05/06/2018 Hasan International Vol. 37, Issue 16 (14 April 2018)   650 BUS 05/06/2018 05/06/2018 Serials  
    Dewey Decimal Classification   Not For Loan Non-fiction Dr. S. R. Lasker Library, EWU Dr. S. R. Lasker Library, EWU Newspaper & Journal Section 24/06/2018 Hasan International Vol. 37, Issue 17 (28 April 2018)   650 BUS 24/06/2018 24/06/2018 Serials  
    Dewey Decimal Classification   Not For Loan Non-fiction Dr. S. R. Lasker Library, EWU Dr. S. R. Lasker Library, EWU Newspaper & Journal Section 11/07/2018 Hasan International Vol. 37, Issue 18 (12 May 2018)   650 BUS 11/07/2018 11/07/2018 Serials  
    Dewey Decimal Classification   Not For Loan Non-fiction Dr. S. R. Lasker Library, EWU Dr. S. R. Lasker Library, EWU Newspaper & Journal Section 11/07/2018 Hasan International Vol. 37, Issue 19 (26 May 2018)   650 BUS 11/07/2018 11/07/2018 Serials  
    Dewey Decimal Classification   Not For Loan Non-fiction Dr. S. R. Lasker Library, EWU Dr. S. R. Lasker Library, EWU Newspaper & Journal Section 31/07/2018 Hasan International Vol.37, Issue 20 (June 09- June 22, 2018)   650 BUS 31/07/2018 31/07/2018 Serials  
    Dewey Decimal Classification   Not For Loan Non-fiction Dr. S. R. Lasker Library, EWU Dr. S. R. Lasker Library, EWU Newspaper & Journal Section 01/10/2018 Hasan International Vol. 37, Issue 22 (July 21 - August 03, 2018)   650 BUS 01/10/2018 01/10/2018 Serials  
    Dewey Decimal Classification   Not For Loan Non-fiction Dr. S. R. Lasker Library, EWU Dr. S. R. Lasker Library, EWU Newspaper & Journal Section 07/10/2018 Hasan International Vol. 37, Issue 23 (August 04 - August 17, 2018)   650 BUS 07/10/2018 07/10/2018 Serials  
    Dewey Decimal Classification   Not For Loan Non-fiction Dr. S. R. Lasker Library, EWU Dr. S. R. Lasker Library, EWU Newspaper & Journal Section 21/10/2018 Hasan International Vol. 37, Issue 24 (August 18 - August 31, 2018)   650 BUS 21/10/2018 21/10/2018 Serials  
    Dewey Decimal Classification   Not For Loan Non-fiction Dr. S. R. Lasker Library, EWU Dr. S. R. Lasker Library, EWU Newspaper & Journal Section 23/10/2018 Hasan International Vol. 37, Issue 25 (September 01 - September 14, 2018)   650 BUS 23/10/2018 23/10/2018 Serials  
    Dewey Decimal Classification   Not For Loan Non-fiction Dr. S. R. Lasker Library, EWU Dr. S. R. Lasker Library, EWU Newspaper & Journal Section 27/11/2018 Hasan International Vol.37, Issue 27 (September 29 - October 12, 2018)   650 BUS 27/11/2018 27/11/2018 Serials  
    Dewey Decimal Classification   Not For Loan Non-fiction Dr. S. R. Lasker Library, EWU Dr. S. R. Lasker Library, EWU Newspaper & Journal Section 09/12/2018 Hasan International Vol. 38, Issue 02 (October 13 - 26, 2018)   650 BUS 09/12/2018 09/12/2018 Serials  
    Dewey Decimal Classification   Not For Loan Non-fiction Dr. S. R. Lasker Library, EWU Dr. S. R. Lasker Library, EWU Newspaper & Journal Section 24/12/2018 Hasan International Vol. 38, Issue 03 (October 27- November 09, 2018)   650 BUS 24/12/2018 24/12/2018 Serials  
    Dewey Decimal Classification   Not For Loan Non-fiction Dr. S. R. Lasker Library, EWU Dr. S. R. Lasker Library, EWU Newspaper & Journal Section 21/01/2019 Hasan International Vol. 38, Issue 04 (November 10 - 23, 2018)   650 BUS 21/01/2019 21/01/2019 Serials  
    Dewey Decimal Classification   Not For Loan Non-fiction Dr. S. R. Lasker Library, EWU Dr. S. R. Lasker Library, EWU Newspaper & Journal Section 17/02/2019 Hasan International Vol. 38, Issue 05 (November 24 - December 07, 2018)   650 BUS 17/02/2019 17/02/2019 Serials  
    Dewey Decimal Classification   Not For Loan Non-fiction Dr. S. R. Lasker Library, EWU Dr. S. R. Lasker Library, EWU Newspaper & Journal Section 24/03/2019   Vol. 38, Issue. 07, (December 22, 2018 - 04 January 2019)   650 BUS 24/03/2019 24/03/2019 Serials  
    Dewey Decimal Classification   Not For Loan Non-fiction Dr. S. R. Lasker Library, EWU Dr. S. R. Lasker Library, EWU Newspaper & Journal Section 01/04/2019 Hasan International Vol. 38, Issue. 08 (January 05 - 18, 2019)   650 BUS 01/04/2019 01/04/2019 Serials  
    Dewey Decimal Classification   Not For Loan Non-fiction Dr. S. R. Lasker Library, EWU Dr. S. R. Lasker Library, EWU Newspaper & Journal Section 24/04/2019 Hasan International Vol. 38, Issue.09 (January 19 - February 01, 2019)   650 BUS 24/04/2019 24/04/2019 Serials  
    Dewey Decimal Classification   Not For Loan Non-fiction Dr. S. R. Lasker Library, EWU Dr. S. R. Lasker Library, EWU Newspaper & Journal Section 12/05/2019 Hasan International Vol.38, Issue. 10 (February 02 - 15, 2019)   650 BUS 12/05/2019 12/05/2019 Serials  
    Dewey Decimal Classification   Not For Loan Non-fiction Dr. S. R. Lasker Library, EWU Dr. S. R. Lasker Library, EWU Newspaper & Journal Section 27/05/2019 Hasan International Vol. 38, Issue. 11, 12 (February 16 - March 15, 2019)   650 BUS 27/05/2019 27/05/2019 Serials  
    Dewey Decimal Classification   Not For Loan Non-fiction Dr. S. R. Lasker Library, EWU Dr. S. R. Lasker Library, EWU Newspaper & Journal Section 26/06/2019 Hasan International Vol. 38, Issue. 13-14 (March 16 - April 12, 2019)   650 BUS 26/06/2019 26/06/2019 Serials  
    Dewey Decimal Classification   Not For Loan Non-fiction Dr. S. R. Lasker Library, EWU Dr. S. R. Lasker Library, EWU Newspaper & Journal Section 26/06/2019 Hasan International Vol. 38, Issue. 15 ( April 13 - 26, 2019)   650 BUS 26/06/2019 26/06/2019 Serials  
    Dewey Decimal Classification   Not For Loan Non-fiction Dr. S. R. Lasker Library, EWU Dr. S. R. Lasker Library, EWU Newspaper & Journal Section 11/07/2019 Hasan International Vol. 38, Issue 16 (April 27 - May 10, 2019)   650 BUS 11/07/2019 11/07/2019 Serials  
    Dewey Decimal Classification   Not For Loan Non-fiction Dr. S. R. Lasker Library, EWU Dr. S. R. Lasker Library, EWU Newspaper & Journal Section 11/07/2019 Hasan International Vol. 38, Issue. 17 (May 11 - 24, 2019)   650 BUS 11/07/2019 11/07/2019 Serials  
    Dewey Decimal Classification   Not For Loan Non-fiction Dr. S. R. Lasker Library, EWU Dr. S. R. Lasker Library, EWU Newspaper & Journal Section 11/07/2019 Hasan International Vol. 38, Issue. 18 (May 25 - June 07, 2019)   650 BUS 11/07/2019 11/07/2019 Serials  
    Dewey Decimal Classification   Not For Loan Non-fiction Dr. S. R. Lasker Library, EWU Dr. S. R. Lasker Library, EWU Newspaper & Journal Section 01/08/2019 Hasan International Vol. 38, Issue. 19 (June 08 - 21, 2019)   650 BUS 01/08/2019 01/08/2019 Serials  
    Dewey Decimal Classification   Not For Loan Non-fiction Dr. S. R. Lasker Library, EWU Dr. S. R. Lasker Library, EWU Newspaper & Journal Section 29/08/2019 Hasan International Vol. 38, Issue. 20 (June 22 - July 05, 2019)   650 BUS 29/08/2019 29/08/2019 Serials  
    Dewey Decimal Classification   Not For Loan Non-fiction Dr. S. R. Lasker Library, EWU Dr. S. R. Lasker Library, EWU Newspaper & Journal Section 12/09/2019 Hasan International Vol. 38, Issue. 21 (July 06 - 19, 2019)   650 BUS 12/09/2019 12/09/2019 Serials  
    Dewey Decimal Classification   Not For Loan Non-fiction Dr. S. R. Lasker Library, EWU Dr. S. R. Lasker Library, EWU Newspaper & Journal Section 01/10/2019 Hasan International Vol. 38, Issue. 22 (July 20 - August 02, 2019)   650 BUS 01/10/2019 01/10/2019 Serials  
    Dewey Decimal Classification   Not For Loan Non-fiction Dr. S. R. Lasker Library, EWU Dr. S. R. Lasker Library, EWU Newspaper & Journal Section 14/10/2019 Hasan International Vol. 38, Issue. 23 (August 03 - 16, 2019)   650 BUS 14/10/2019 14/10/2019 Serials  
    Dewey Decimal Classification   Not For Loan Non-fiction Dr. S. R. Lasker Library, EWU Dr. S. R. Lasker Library, EWU Newspaper & Journal Section 24/10/2019 Hasan International Vol. 38, Issue. 24 ( August 17 - 30, 2019)   650 BUS 24/10/2019 24/10/2019 Serials  
    Dewey Decimal Classification   Not For Loan Fiction Dr. S. R. Lasker Library, EWU Dr. S. R. Lasker Library, EWU Newspaper & Journal Section 18/11/2019 Hasan International Vol. 38, Issue. 25 (August 31 - September 13, 2019)   650 BUS 18/11/2019 18/11/2019 Serials  
    Dewey Decimal Classification   Not For Loan Non-fiction Dr. S. R. Lasker Library, EWU Dr. S. R. Lasker Library, EWU Newspaper & Journal Section 18/11/2019 Hasan International Vol. 38, Issue. 26 (September 14 - 27, 2019)   650 BUS 18/11/2019 18/11/2019 Serials  
    Dewey Decimal Classification   Not For Loan Non-fiction Dr. S. R. Lasker Library, EWU Dr. S. R. Lasker Library, EWU Newspaper & Journal Section 25/11/2019 Hasan International Vol. 39, Issue. 01 (September 28 - October 11, 2019)   650 BUS 25/11/2019 25/11/2019 Serials  
    Dewey Decimal Classification   Not For Loan Non-fiction Dr. S. R. Lasker Library, EWU Dr. S. R. Lasker Library, EWU Newspaper & Journal Section 08/01/2020 Hasan International Vol. 39, Issue. 03 (October 26 - November 08, 2019)   650 BUS 08/01/2020 08/01/2020 Serials  
    Dewey Decimal Classification   Not For Loan Non-fiction Dr. S. R. Lasker Library, EWU Dr. S. R. Lasker Library, EWU Newspaper & Journal Section 13/02/2020 Hasan International Vol.39, Issue. 04 (November 09 - 22, 2019)   650 BUS 13/02/2020 13/02/2020 Serials  
    Dewey Decimal Classification   Not For Loan Non-fiction Dr. S. R. Lasker Library, EWU Dr. S. R. Lasker Library, EWU Newspaper & Journal Section 13/02/2020 Hasan International Vol. 39, Issue. 06 (December 07 - 20,2019)   650 BUS 13/02/2020 13/02/2020 Serials  
    Dewey Decimal Classification   Not For Loan Non-fiction Dr. S. R. Lasker Library, EWU Dr. S. R. Lasker Library, EWU Newspaper & Journal Section 23/02/2020 Hasan International Vol. 39, Issue. 07 (December 21, 2019 - January 03, 2020)   650 BUS 23/02/2020 23/02/2020 Serials  
    Dewey Decimal Classification   Not For Loan Non-fiction Dr. S. R. Lasker Library, EWU Dr. S. R. Lasker Library, EWU Newspaper & Journal Section 11/03/2020 Hasan International Vol. 39, Issue. 08 (January 04 - 17, 2020)   650 BUS 11/03/2020 11/03/2020 Serials  
    Dewey Decimal Classification   Not For Loan Non-fiction Dr. S. R. Lasker Library, EWU Dr. S. R. Lasker Library, EWU Newspaper & Journal Section 11/03/2020 Hasan International Vol. 39, Issue. 09 & 10 (January 18 - February 14, 2020)   650 BUS 11/03/2020 11/03/2020 Serials  
    Dewey Decimal Classification   Not For Loan Non-fiction Dr. S. R. Lasker Library, EWU Dr. S. R. Lasker Library, EWU Newspaper & Journal Section 15/09/2020 Hasan International Vol. 39, Issue. 22 (July 25 - August 08, 2020)   22 650 BUS 15/09/2020 15/09/2020 Serials  
    Dewey Decimal Classification   Not For Loan Non-fiction Dr. S. R. Lasker Library, EWU Dr. S. R. Lasker Library, EWU Newspaper & Journal Section 07/10/2020 Hasan International Vol. 39, Issue. 23 (August 09 - 23, 2020)   22 650 BUS 07/10/2020 07/10/2020 Serials  
    Dewey Decimal Classification   Not For Loan Non-fiction Dr. S. R. Lasker Library, EWU Dr. S. R. Lasker Library, EWU Newspaper & Journal Section 11/10/2020 Hasan International Vol. 39, Issue: 24 (August 24 - September 07, 2020)   22 650 BUS 11/10/2020 11/10/2020 Serials  
    Dewey Decimal Classification   Not For Loan Non-fiction Dr. S. R. Lasker Library, EWU Dr. S. R. Lasker Library, EWU Newspaper & Journal Section 21/10/2020 Hasan International Vol. 39, Issue. 25 (September 08 - 25, 2020)   22 650 BUS 21/10/2020 21/10/2020 Serials  
    Dewey Decimal Classification   Not For Loan Non-fiction Dr. S. R. Lasker Library, EWU Dr. S. R. Lasker Library, EWU Newspaper & Journal Section 08/11/2020 Hasan International Vol. 39, Issue. 26 (September 23 - October 07, 2020)   22 650 BUS 08/11/2020 08/11/2020 Serials  
    Dewey Decimal Classification   Not For Loan Non-fiction Dr. S. R. Lasker Library, EWU Dr. S. R. Lasker Library, EWU Newspaper & Journal Section 29/12/2020 Hasan International Vol. 40, Issue. 01 (October 08 - 22, 2020)   22 650 BUS 29/12/2020 29/12/2020 Serials  
    Dewey Decimal Classification   Not For Loan Non-fiction Dr. S. R. Lasker Library, EWU Dr. S. R. Lasker Library, EWU Newspaper & Journal Section 29/12/2020 Hasan International Vol. 40, Issue. 02 (October 23 - November 06, 2020)   22 650 BUS 29/12/2020 29/12/2020 Serials  
    Dewey Decimal Classification   Not For Loan Non-fiction Dr. S. R. Lasker Library, EWU Dr. S. R. Lasker Library, EWU Newspaper & Journal Section 15/02/2021 Hasan International Vol. 40, Issue. 05 (December 07 - 21, 2020)   22 650 BUS 15/02/2021 15/02/2021 Serials  
    Dewey Decimal Classification   Not For Loan Non-fiction Dr. S. R. Lasker Library, EWU Dr. S. R. Lasker Library, EWU Newspaper & Journal Section 27/06/2021 Hasan International Vol. 40, Issue.08 (January 21 - February 04, 2021)   22 650 BUS 27/06/2021 27/06/2021 Serials  
    Dewey Decimal Classification   Not For Loan Non-fiction Dr. S. R. Lasker Library, EWU Dr. S. R. Lasker Library, EWU Newspaper & Journal Section 27/06/2021 Hasan International Vol. 40, Issue. 10 (February 20 - March 06, 2021)   22 650 BUS 27/06/2021 27/06/2021 Serials  
    Dewey Decimal Classification   Not For Loan Non-fiction Dr. S. R. Lasker Library, EWU Dr. S. R. Lasker Library, EWU Newspaper & Journal Section 11/10/2021 Hasan International Vol. 40, Issue. 21, (August 02 - 16, 2021)   22 650 BUS 11/10/2021 11/10/2021 Serials  
    Dewey Decimal Classification   Not For Loan Non-fiction Dr. S. R. Lasker Library, EWU Dr. S. R. Lasker Library, EWU Newspaper & Journal Section 12/01/2022 Hasan International Vol. 40, Issue. 25 (October 2021)   22 650 BUS 12/01/2022 12/01/2022 Serials  
    Dewey Decimal Classification   Not For Loan Non-fiction Dr. S. R. Lasker Library, EWU Dr. S. R. Lasker Library, EWU Newspaper & Journal Section 12/01/2022 Hasan International Vol. 41, Issue. 01 & 02 (November 2021)   22 650 BUS 12/01/2022 12/01/2022 Serials  
    Dewey Decimal Classification   Not For Loan Non-fiction Dr. S. R. Lasker Library, EWU Dr. S. R. Lasker Library, EWU Newspaper & Journal Section 10/03/2022 Hasan International Vol. 41, Issue. 03 (December 01 - 14, 2022)   22 650 BUS 10/03/2022 10/03/2022 Serials  
    Dewey Decimal Classification   Not For Loan Non-fiction Dr. S. R. Lasker Library, EWU Dr. S. R. Lasker Library, EWU Newspaper & Journal Section 28/06/2022 Hasan International Vol. 41, Issue. 12, (April 09, 2022)   22 650 BUS 28/06/2022 28/06/2022 Serials  
    Dewey Decimal Classification   Not For Loan Non-fiction Dr. S. R. Lasker Library, EWU Dr. S. R. Lasker Library, EWU Newspaper & Journal Section 05/07/2022 Hasan International Vol. 41, Issue. 13 (April 23, 2022)   22 650 BUS 05/07/2022 05/07/2022 Serials  
    Dewey Decimal Classification       Dr. S. R. Lasker Library, EWU Dr. S. R. Lasker Library, EWU Newspaper & Journal Section 05/07/2022 Hasan International Vol.41,Issue.15 (May 21 , 2022)   22 650 BUS 05/07/2022 05/07/2022 Serials  
    Dewey Decimal Classification   Not For Loan Non-fiction Dr. S. R. Lasker Library, EWU Dr. S. R. Lasker Library, EWU Newspaper & Journal Section 24/08/2022 Hasan International Vol. 41, Issue. 17 (June 18, 2022)   22 650 BUS 24/08/2022 24/08/2022 Serials  
    Dewey Decimal Classification   Not For Loan Non-fiction Dr. S. R. Lasker Library, EWU Dr. S. R. Lasker Library, EWU Newspaper & Journal Section 24/08/2022 Hasan International Vol. 41, Issue. 18 (July 02, 2022)   22 650 BUS 24/08/2022 24/08/2022 Serials  
    Dewey Decimal Classification   Not For Loan Non-fiction Dr. S. R. Lasker Library, EWU Dr. S. R. Lasker Library, EWU Newspaper & Journal Section 24/08/2022 Hasan International Vol. 41, Issue. 20 (July 30, 2022)   22 650 BUS 24/08/2022 24/08/2022 Serials  
    Dewey Decimal Classification   Not For Loan Non-fiction Dr. S. R. Lasker Library, EWU Dr. S. R. Lasker Library, EWU Newspaper & Journal Section 20/09/2022 Hasan International Vol. 41, Issue. 21 (August 13, 2022)   22 650 BUS 20/09/2022 20/09/2022 Serials  
    Dewey Decimal Classification   Not For Loan Non-fiction Dr. S. R. Lasker Library, EWU Dr. S. R. Lasker Library, EWU Newspaper & Journal Section 20/09/2022   Vol. 41, Issue. 22, (August 27, 2022)   22 650 BUS 20/09/2022 20/09/2022 Serials  
    Dewey Decimal Classification   Not For Loan Non-fiction Dr. S. R. Lasker Library, EWU Dr. S. R. Lasker Library, EWU Newspaper & Journal Section 10/11/2022   Vol. 41, Issue. 23 (September 10, 2022)   22 650 BUS 10/11/2022 10/11/2022 Serials  
    Dewey Decimal Classification   Not For Loan Non-fiction Dr. S. R. Lasker Library, EWU Dr. S. R. Lasker Library, EWU Newspaper & Journal Section 10/11/2022 Hasan International Vol. 41, Issue. 24, 2022 (September 24, 2022)   22 650 BUS 10/11/2022 10/11/2022 Serials  
    Dewey Decimal Classification   Not For Loan Non-fiction Dr. S. R. Lasker Library, EWU Dr. S. R. Lasker Library, EWU Newspaper & Journal Section 13/12/2022 Hasan International Vol. 41, Issue. 25, 2022 (October 08, 2022)   22 650 BUS 13/12/2022 13/12/2022 Serials  
    Dewey Decimal Classification   Not For Loan Non-fiction Dr. S. R. Lasker Library, EWU Dr. S. R. Lasker Library, EWU Newspaper & Journal Section 13/12/2022 Hasan International Vol. 42, Issue. 01, 2022 (November 05, 2022)   22 650 BUS 13/12/2022 13/12/2022 Serials  
    Dewey Decimal Classification   Not For Loan Non-fiction Dr. S. R. Lasker Library, EWU Dr. S. R. Lasker Library, EWU Newspaper & Journal Section 23/03/2023 Hasan International Vol. 42, Issue. 07, 2023 (January 28, 2023)   22 650 BUS 23/03/2023 23/03/2023 Serials  
    Dewey Decimal Classification   Not For Loan Non-fiction Dr. S. R. Lasker Library, EWU Dr. S. R. Lasker Library, EWU Newspaper & Journal Section 17/05/2023 Hasan International Vol. 42, Issue. 09, 2023 (February 25, 2023)   22 650 BUS 17/05/2023 17/05/2023 Serials  
    Dewey Decimal Classification   Not For Loan Non-fiction Dr. S. R. Lasker Library, EWU Dr. S. R. Lasker Library, EWU Newspaper & Journal Section 17/05/2023 Hasan International Vol. 42, Issue. 10, 2023 (March 11, 2023)   22 650 BUS 17/05/2023 17/05/2023 Serials  
    Dewey Decimal Classification   Not For Loan Non-fiction Dr. S. R. Lasker Library, EWU Dr. S. R. Lasker Library, EWU Newspaper & Journal Section 17/05/2023 Hasan International Vol. 42. Issue. 12, 2023 (April 08, 2023)   22 650 BUS 17/05/2023 17/05/2023 Serials